Responses for Show #4845 - Friday, October 7, 2005

Jason Richards game 5.

Contestants

[<< previous game]

Melissa Prepster, a teacher from Kyle, Texas

Ted Barnett, a physician from Elm Grove, Wisconsin

Jason Richards, a pharmacy technician from Old Town, Maine (whose 4-day cash winnings total $99,200)

[next game >>]

Jeopardy! Round responses

17th CENTURY BRITISH HISTORY
SONG VERBS
GEO-PARTY
BESTSELLERS
KICKIN' BRASS
3-LETTER WORDS
    $200 1
Elizabeth I

Jason
    $200 4
Weeps

Ted
    $200 20
Japan

Jason
    $200 9
Stephen King

Melissa
    $200 26
brass tacks

Melissa
    $200 5
aim

Jason
    $400 2
Cambridge

Ted
    $400 10
Would Die

Melissa
    $400 21
Cinco de Mayo

Ted
    $400 16
Angela's Ashes

Melissa
    $400 27
a French horn

Melissa
    $400 6
a saw

Ted
    $600 3
(Jason: Who is Cabot?)

(Henry) Hudson

JasonMelissa
    $600 11
Teach

Melissa
    $600 22
Holland (The Netherlands)

Melissa
    $600 17
Richard Simmons

Triple Stumper
    $600 28
brass knuckles

Jason
    $600 7
(Alex: It's usually worn by a priest, and it's [*].)

an alb

Triple Stumper
    $800 14
(Melissa: What is his coronation?)
...
(Alex: Can't be there, but Bucky will stand in for me.)
[Laughter]

his wedding

Melissa
Triple Stumper
    $800 12
(Alex: [To Melissa] Ahh, you wanted to ring in, but you didn't ring in. Lucky for you, maybe. [*].

Give

Triple Stumper
    $800 23
a pilsner

Jason
    $1,500 18
Into Thin Air

Melissa
    $800 29
the brass ring

Melissa
    $800 8
gad

Triple Stumper
    $1000 15
the Roundheads

Melissa
    $1000 13
Can't Hurry

Melissa
    $1000 24
Brazil

Jason
    $1000 19
The Shell Seekers

Triple Stumper
    $1000 30
scholar

Triple Stumper
    $1000 25
(Melissa: What is a--bit?)

ort

Melissa
Triple Stumper

Scores at the first commercial break (after clue 15):

Jason Ted Melissa
-$200 $1,000 $3,000

Scores at the end of the Jeopardy! Round:

Jason Ted Melissa
$2,400 $1,400 $5,900

Double Jeopardy! Round responses

GREEK GODS
FILMS OF THE '40s
AROUND THE U.S.A.
HOW DOES YOUR GARDEN GROW?
I WAS HIS VEEP
(Alex: We'll give you the vice president, you have to identify the president he served.)
THE "DI" IS CAST
    $400 7
Aphrodite

Jason
    $400 12
Shirley Temple

Ted
    $400 1
Yale

Jason
    $400 26
a pit (or a seed)

Melissa
    $400 6
George Washington

Melissa
    $400 18
dilated

Jason
    $800 8
(Ted: Who's Bacchus?)

Dionysus

JasonTed
    $800 13
(Melissa: What is Miracle on 32nd Street?)
...
(Alex: Yeah, Melissa was just 2 blocks away.)
[Laughter]

Miracle on 34th Street

TedMelissa
    $800 2
Evangeline

Jason
    $800 27
a pom-pom

Melissa
    $800 14
(Ted: Who is Truman?)

FDR

Ted
Triple Stumper
    $800 19
disbarred

Melissa
    $1200 9
Zeus

Melissa
    $1200 16
(Alex: Yes, with Ray Milland.)

The Lost Weekend

Jason
    $1200 3
Utah

Ted
    $1200 28
a cactus

Jason
    $1200 15
Andrew Jackson

Jason
    $1200 20
(Alex: It's like my house, [*].)

dilapidated

Triple Stumper
    $1,000 10
(Alex: The Greek god is [*], the English word is "panic".)

Pan

Melissa
    $1600 17
Meet Me In St. Louis

Melissa
    $1600 4
(Melissa: What is Atlanta?)
(Alex: Nope. Not a bad guess.)

Montgomery

TedMelissa
    $1600 29
sunlight

Jason
    $1600 24
Truman

Ted
    $1600 21
a didgeridoo

Jason
    $2000 11
(Melissa: Who is Diana?)

Artemis

JasonMelissa
    $2000 23
(Alex: Thart film was called The Jolson Story, hence the singer [*].)

Al Jolson

Triple Stumper
    $2,000 5
Buffalo, New York

Ted
    $2000 30
(Melissa: What is a lily?)
(Alex: Be more specific.)

a water lily

Melissa
    $2000 25
Gerald Ford

Jason
    $2000 22
a diacritic

Jason

Scores at the end of the Double Jeopardy! Round:

Jason Ted Melissa
$18,000 $7,400 $9,700

[wagering suggestions for these scores]

Final Jeopardy! Round responses

THE KING JAMES BIBLE
(Alex: Way to go! All because you knew your King James Bible. Ah, yes. [Checking his card] John. "[*]..." We'll say goodbye. Have a good weekend. So long, everybody.)
[ZergCam]
TedWhat is In The Beginning?
$0
MelissaWhat In the beginning
$9,695
JasonWhat is Song of Songs?
$3,000
In the beginning

Final scores:

Jason Ted Melissa
$15,000 $7,400 $19,395
2nd place: $2,000 3rd place: $1,000 New champion: $19,395

Game dynamics:

Coryat scores:

Jason Ted Melissa
$18,000 $7,400 $9,600
19 R,
1 W
10 R
(including 1 DD),
2 W
20 R
(including 2 DDs),
5 W

Combined Coryat: $35,000

[game clues] [game scores] [suggest correction]

Game tape date: 2005-07-27
The J! Archive is created by fans, for fans. Scraping, republication, monetization, and malicious use prohibited; this site may use cookies and collect identifying information. See terms. The Jeopardy! game show and all elements thereof, including but not limited to copyright and trademark thereto, are the property of Jeopardy Productions, Inc. and are protected under law. This website is not affiliated with, sponsored by, or operated by Jeopardy Productions, Inc. Join the discussion at JBoard.tv.